[Event "DEM U10/U10w 2013"]
[Site "Oberhof GER"]
[Date "2013.05.20"]
[Round "3"]
[White "Keymer, Vincent"]
[Black "Nguyen, Alex Dac-Vuong"]
[Result "1-0"]
[Termination "normal"]
[Board "1"]
[WhiteElo "1861"]
[BlackElo "1401"]
[PlyCount "89"]
[WhiteFideId "12940690"]
[BlackFideId "12984388"]
[EventCountry "GER"]
[EventRounds "11"]
[EventType "swiss"]
[EventDate "2013.05.18"]

1. d4 d5 2. c4 c6 3. Nc3 e6 4. e3 Bd6 5. Nf3 Nf6 6. Qc2 Nbd7 7. b3 O-O 8. Bd3
e5 9. cxd5 cxd5 10. dxe5 Nxe5 11. Nxe5 Bxe5 12. Bb2 Re8 13. Ne2 Qa5+ 14. Bc3
Bxc3+ 15. Qxc3 Qxc3+ 16. Nxc3 d4 17. Nb5 Re7 18. Nxd4 b6 19. O-O Bb7 20. Rac1
Rc8 21. Rxc8+ Bxc8 22. Rc1 Bb7 23. Be2 Re8 24. Rc7 Rb8 25. Nf5 Ne8 26. Re7 Kf8
27. Rd7 Bc8 28. Rd8 g6 29. Nd6 Ke7 30. Rxc8 Rxc8 31. Nxc8+ Kd7 32. Nxa7 Kc7 33.
Nb5+ Kc6 34. Nd4+ Kc5 35. Kf1 Nc7 36. Ke1 f5 37. Bc4 Nd5 38. Bxd5 Kxd5 39. Kd2
Kd6 40. Kd3 Kd5 41. f3 h6 42. b4 Ke5 43. a4 Kd6 44. e4 f4 45. a5 1-0

[Event "DEM U10/U10w 2013"]
[Site "Oberhof GER"]
[Date "2013.05.20"]
[Round "3"]
[White "Kopylov, Daniel"]
[Black "Suvorov, Alexander"]
[Result "1-0"]
[Termination "normal"]
[Board "3"]
[WhiteElo "1628"]
[BlackElo "1397"]
[PlyCount "126"]
[WhiteFideId "12921971"]
[BlackFideId "12977063"]
[EventCountry "GER"]
[EventRounds "11"]
[EventType "swiss"]
[EventDate "2013.05.18"]

1. e4 c5 2. Nf3 Nc6 3. d4 cxd4 4. Nxd4 e5 5. Nb5 d6 6. c4 a6 7. N5c3 Be6 8. Nd5
Nf6 9. Bg5 Be7 10. Nxe7 Qxe7 11. Nc3 Nd4 12. Be3 Nc6 13. Nd5 Bxd5 14. exd5 Nb8
15. Be2 O-O 16. O-O Nbd7 17. Qd3 Rac8 18. Rac1 Ne8 19. Bg4 e4 20. Qd2 f5 21.
Be2 Nef6 22. f3 Rfe8 23. Rfe1 h6 24. fxe4 Nxe4 25. Qd4 Qf6 26. Bd3 Ndc5 27.
Qxf6 gxf6 28. Bxc5 dxc5 29. Rf1 Re5 30. Bxe4 Rxe4 31. Rxf5 Kg7 32. Rf2 Rce8 33.
g3 Rd4 34. b3 Kg6 35. Rcf1 Rf8 36. Rf4 Rd2 37. R1f2 Rd1+ 38. Kg2 Re1 39. Rd2
Rd8 40. Kf2 Rh1 41. Kg2 Re1 42. Rff2 Re7 43. Rfe2 Red7 44. Re6 Rf8 45. Rde2
Rfd8 46. Re7 Kg5 47. Kf3 h5 48. Rxd7 Rxd7 49. Re8 Rc7 50. h4+ Kf5 51. Rh8 Kg6
52. Kf4 Rd7 53. Rc8 b6 54. Rc6 Rb7 55. d6 a5 56. Rc7 Rb8 57. d7 Rd8 58. Ke4 Kg7
59. Kd5 Kf7 60. Kd6 a4 61. Rc8 axb3 62. axb3 Rxd7+ 63. Kxd7 f5 1-0

[Event "DEM U10/U10w 2013"]
[Site "Oberhof GER"]
[Date "2013.05.20"]
[Round "3"]
[White "Weishäutel, Moritz"]
[Black "Svane, Frederik"]
[Result "0-1"]
[Termination "normal"]
[Board "4"]
[WhiteElo "1431"]
[BlackElo "1715"]
[PlyCount "124"]
[WhiteFideId "12967300"]
[BlackFideId "12923044"]
[EventCountry "GER"]
[EventRounds "11"]
[EventType "swiss"]
[EventDate "2013.05.18"]

1. e4 c5 2. Nf3 Nc6 3. d4 cxd4 4. Nxd4 Nf6 5. Nc3 e5 6. Ndb5 d6 7. Bg5 a6 8.
Na3 b5 9. Nd5 Be7 10. Bxf6 Bxf6 11. c4 b4 12. Nc2 a5 13. Qf3 Bg5 14. h4 Be7 15.
Rd1 Be6 16. c5 dxc5 17. Nf6+ Bxf6 18. Rxd8+ Rxd8 19. Bb5 Bd7 20. g3 O-O 21. O-O
Nd4 22. Nxd4 cxd4 23. Bxd7 Rxd7 24. Qf5 Rc7 25. f3 Rd8 26. f4 exf4 27. Qxa5 Rc2
28. Qa4 Rxb2 29. Rxf4 d3 30. Rf1 Re2 31. Rd1 Rxe4 32. Rxd3 Rxd3 33. Qa8+ Rd8
34. Qxe4 Bc3 35. Qe7 Ra8 36. Qb7 Rf8 37. Kh2 g6 38. Kh3 Rd8 39. Qc7 Ra8 40. Qc4
Kg7 41. Qb3 Ra3 42. Qd5 h5 43. Kg2 Ra6 44. Qc4 Rd6 45. a3 Rd4 46. Qc5 Re4 47.
axb4 Bxb4 48. Qc2 f5 49. Qc7+ Be7 50. Qc3+ Bf6 51. Qc7+ Re7 52. Qc4 Kh7 53. Qa6
Bg7 54. Qd6 Re4 55. Qd7 Rg4 56. Kf3 Rd4 57. Qe7 Rg4 58. Qd8 Rc4 59. Qd3 Rc3 60.
Qxc3 Bxc3 61. Kf4 Kg7 62. Kg5 Bd2# 0-1

[Event "DEM U10/U10w 2013"]
[Site "Oberhof GER"]
[Date "2013.05.20"]
[Round "3"]
[White "Merk, Daniel"]
[Black "Dobrikov, Marco"]
[Result "0-1"]
[Termination "normal"]
[Board "5"]
[WhiteElo "1655"]
[BlackElo "1528"]
[PlyCount "124"]
[WhiteFideId "12938386"]
[BlackFideId "12950378"]
[EventCountry "GER"]
[EventRounds "11"]
[EventType "swiss"]
[EventDate "2013.05.18"]

1. d4 Nf6 2. c4 e6 3. Nc3 Bb4 4. Bg5 b6 5. Qb3 Bxc3+ 6. Qxc3 Bb7 7. Nf3 d6 8.
O-O-O Nbd7 9. Nd2 O-O 10. e4 e5 11. d5 Nxd5 12. Qg3 N5f6 13. Bh6 Nh5 14. Qg4
Ndf6 15. Qg5 Nxe4 16. Qxh5 gxh6 17. Nxe4 Bxe4 18. Qxh6 f5 19. f3 Bb7 20. Bd3
Qf6 21. Qh3 Rf7 22. g4 fxg4 23. Rhg1 Qg5+ 24. Kb1 gxh3 25. Rxg5+ Rg7 26. Rdg1
Rxg5 27. Rxg5+ Kf7 28. Bxh7 Rh8 29. Be4 Bxe4+ 30. fxe4 Rh4 31. Rg3 Rxe4 32.
Rxh3 Rxc4 33. Rf3+ Rf4 34. Rxf4+ exf4 35. Kc2 Kg6 36. Kd3 d5 37. Ke2 c5 38. b3
d4 39. a4 Kg5 40. Kf3 Kh4 41. Kxf4 Kh3 42. Ke4 Kxh2 43. Kd3 Kg3 44. Ke2 Kf4 45.
Kd3 Kf3 46. Kd2 a6 47. Kd3 b5 48. Kd2 bxa4 49. bxa4 c4 50. Kd1 a5 51. Kd2 d3
52. Kd1 c3 53. Ke1 d2+ 54. Kd1 Kf2 55. Kc2 Ke2 56. Kxc3 d1=Q 57. Kb2 Qd3 58.
Ka2 Qc3 59. Kb1 Qd2 60. Ka1 Kd3 61. Kb1 Kc3 62. Ka1 Qb2# 0-1

[Event "DEM U10/U10w 2013"]
[Site "Oberhof GER"]
[Date "2013.05.20"]
[Round "3"]
[White "Stork, Oliver"]
[Black "Graf, Justus Felix"]
[Result "1/2-1/2"]
[Termination "normal"]
[Board "6"]
[WhiteElo "1604"]
[BlackElo "1489"]
[PlyCount "75"]
[WhiteFideId "12955728"]
[BlackFideId "12929212"]
[EventCountry "GER"]
[EventRounds "11"]
[EventType "swiss"]
[EventDate "2013.05.18"]

1. d4 Nf6 2. Nf3 g6 3. Bg5 Bg7 4. e3 O-O 5. Bd3 d5 6. Nc3 c6 7. O-O h6 8. Bxf6
Bxf6 9. Re1 Bg4 10. h3 Bxf3 11. Qxf3 Nd7 12. Qg3 e5 13. dxe5 Nxe5 14. Rad1 Nxd3
15. Rxd3 Qa5 16. Ra1 Qb4 17. Rb1 Rfe8 18. a3 Qc4 19. Qf3 Bxc3 20. Rxc3 Qe4 21.
Qxe4 dxe4 22. Rc4 Rad8 23. Rd4 c5 24. Rdd1 b6 25. Kf1 Kf8 26. Ke2 Ke7 27. Rxd8
Rxd8 28. Rd1 Rxd1 29. Kxd1 a5 30. Kd2 Kd6 31. Kc3 b5 32. b3 g5 33. Kd2 Ke5 34.
c4 bxc4 35. bxc4 f5 36. g4 f4 37. Ke2 fxe3 38. fxe3 1/2-1/2

[Event "DEM U10/U10w 2013"]
[Site "Oberhof GER"]
[Date "2013.05.20"]
[Round "3"]
[White "Niemann, Alexander"]
[Black "Zimmer, Raphael"]
[Result "1-0"]
[Termination "normal"]
[Board "7"]
[WhiteElo "1645"]
[BlackElo "1369"]
[PlyCount "73"]
[WhiteFideId "12939862"]
[BlackFideId "12978841"]
[EventCountry "GER"]
[EventRounds "11"]
[EventType "swiss"]
[EventDate "2013.05.18"]

1. e4 e5 2. Nf3 Nc6 3. Bc4 Bc5 4. c3 Nf6 5. d3 d6 6. Nbd2 Be6 7. Bb3 Qe7 8. O-O
O-O-O 9. Bxe6+ fxe6 10. b4 Bb6 11. a4 a6 12. Nc4 d5 13. Nxb6+ cxb6 14. Qc2 h6
15. b5 Na7 16. Nxe5 Qe8 17. c4 Kb8 18. Bf4 Ka8 19. a5 bxa5 20. Rxa5 g5 21. Be3
d4 22. Bd2 axb5 23. Qa2 Kb8 24. Rxa7 Rh7 25. Ra8+ Kc7 26. Ba5+ b6 27. Ra7+ Kd6
28. Bxb6 Kxe5 29. Rxh7 Nxh7 30. Bxd8 Qxd8 31. cxb5 Nf6 32. Qa7 Qd6 33. b6 Kf4
34. Qc7 Ne8 35. Qf7+ Kg4 36. Qf3+ Kh4 37. Qh3# 1-0

[Event "DEM U10/U10w 2013"]
[Site "Oberhof GER"]
[Date "2013.05.20"]
[Round "3"]
[White "Röhr, Tobias"]
[Black "Heckmann, Till"]
[Result "1/2-1/2"]
[Termination "normal"]
[Board "8"]
[WhiteElo "1389"]
[BlackElo "1517"]
[PlyCount "154"]
[WhiteFideId "12963089"]
[BlackFideId "12987093"]
[EventCountry "GER"]
[EventRounds "11"]
[EventType "swiss"]
[EventDate "2013.05.18"]

1. d4 c5 2. dxc5 e6 3. Nf3 Bxc5 4. c4 Nf6 5. Nc3 d5 6. cxd5 exd5 7. Bg5 d4 8.
Na4 Qa5+ 9. Bd2 Bb4 10. g3 Ne4 11. Rc1 O-O 12. b3 Bg4 13. Bxb4 Qxb4+ 14. Nd2 b5
15. Bg2 d3 16. f3 bxa4 17. fxg4 Re8 18. Bxe4 Nc6 19. Bxc6 Rxe2+ 20. Qxe2 dxe2
21. Bxa8 Qxg4 22. Bf3 Qd7 23. Bxe2 g6 24. Ne4 Qb7 25. Bf3 Qb4+ 26. Kf2 axb3 27.
axb3 Qxb3 28. Rb1 Qc2+ 29. Ke3 f5 30. Rhc1 Qa4 31. Rc7 Qe8 32. Rbb7 fxe4 33.
Rg7+ Kf8 34. Bxe4 Qe5 35. Rxa7 Qc3+ 36. Bd3 Qe1+ 37. Kf3 Qh1+ 38. Kg4 Qd1+ 39.
Kf4 Qxd3 40. Rxh7 Qf5+ 41. Ke3 Qc5+ 42. Kf3 Qf5+ 43. Kg2 Qc2+ 44. Kh3 Qf5+ 45.
g4 Qf3+ 46. Kh4 Qf6+ 47. Kg3 Qc3+ 48. Kf4 Qf6+ 49. Ke4 Qe6+ 50. Kd4 Qxg4+ 51.
Kc5 Qf5+ 52. Kb6 Qf2+ 53. Kb7 Qb2+ 54. Ka8 Ke8 55. Rab7 Qa1+ 56. Kb8 Qe5+ 57.
Rbc7 Qb2+ 58. Kc8 Qd4 59. Rce7+ Kf8 60. Rd7 Qc5+ 61. Kd8 Qe5 62. Rhf7+ Kg8 63.
Rc7 Qd6+ 64. Ke8 Qe5+ 65. Rce7 Qb8+ 66. Kd7 Qb7+ 67. Ke6 Qc6+ 68. Ke5 Qc5+ 69.
Kf6 Qc6+ 70. Kg5 Qg2+ 71. Kf6 Qf3+ 72. Kxg6 Qg4+ 73. Kf6 Qf4+ 74. Ke6 Qc4+ 75.
Kf6 Qf4+ 76. Ke6 Qc4+ 77. Kd7 Qxf7 1/2-1/2

[Event "DEM U10/U10w 2013"]
[Site "Oberhof GER"]
[Date "2013.05.20"]
[Round "3"]
[White "Collin, Alexander"]
[Black "Wu, Leon"]
[Result "1-0"]
[Termination "normal"]
[Board "9"]
[WhiteElo "1451"]
[BlackElo "1345"]
[PlyCount "95"]
[WhiteFideId "12946745"]
[BlackFideId "12977438"]
[EventCountry "GER"]
[EventRounds "11"]
[EventType "swiss"]
[EventDate "2013.05.18"]

1. e4 e5 2. Nf3 Nc6 3. d4 exd4 4. Nxd4 Bc5 5. Nxc6 Qf6 6. Qf3 Qxc6 7. Nc3 d6 8.
Bb5 Bd7 9. Bxc6 Bxc6 10. Be3 Nf6 11. Bxc5 dxc5 12. O-O-O O-O 13. Nd5 Nxd5 14.
exd5 Bd7 15. Rhe1 Rfe8 16. Rxe8+ Rxe8 17. Kd2 c6 18. Re1 Rd8 19. Re7 Be6 20. c4
cxd5 21. cxd5 Bxd5 22. Qd3 f6 23. Rxb7 Kf8 24. Rc7 Ke8 25. Qe3+ Be4+ 26. Kc1 f5
27. f3 Rd3 28. Qe2 Rd4 29. fxe4 Rxe4 30. Qxe4+ fxe4 31. Rxg7 a5 32. a4 c4 33.
Kd2 c3+ 34. bxc3 e3+ 35. Kxe3 h5 36. Ke4 Kf8 37. Ra7 h4 38. Kf5 Ke8 39. Ke6 Kd8
40. Re7 Kc8 41. Rd7 Kb8 42. Kd6 Kc8 43. Kc6 Kb8 44. Rc7 h3 45. g3 Ka8 46. Kb6
Kb8 47. Rc6 Ka8 48. Rc8# 1-0

[Event "DEM U10/U10w 2013"]
[Site "Oberhof GER"]
[Date "2013.05.20"]
[Round "3"]
[White "Hommel, Niclas"]
[Black "Tschammer, Kai"]
[Result "1/2-1/2"]
[Termination "normal"]
[Board "10"]
[WhiteElo "1197"]
[BlackElo "1605"]
[PlyCount "47"]
[WhiteFideId "12974927"]
[BlackFideId "12939099"]
[EventCountry "GER"]
[EventRounds "11"]
[EventType "swiss"]
[EventDate "2013.05.18"]

1. e4 e5 2. Nf3 Nc6 3. Bc4 Nf6 4. Ng5 d5 5. exd5 Na5 6. Bb5+ c6 7. dxc6 bxc6 8.
Qf3 Rb8 9. Bxc6+ Nxc6 10. Qxc6+ Bd7 11. Qc4 Qe7 12. Qe2 h6 13. Ne4 Nd5 14. Nbc3
Nf4 15. Qf3 Bc6 16. g3 Ne6 17. Nf6+ Qxf6 18. Qxc6+ Kd8 19. Nd5 Qf3 20. Nb4 e4
21. Qd5+ Ke8 22. Qc6+ Kd8 23. Qd5+ Ke8 24. Qc6+ 1/2-1/2

[Event "DEM U10/U10w 2013"]
[Site "Oberhof GER"]
[Date "2013.05.20"]
[Round "3"]
[White "Wagner, Benjamin"]
[Black "Stirnberg, Noah"]
[Result "1-0"]
[Termination "normal"]
[Board "11"]
[WhiteElo "1468"]
[BlackElo "1338"]
[PlyCount "99"]
[WhiteFideId "12957330"]
[BlackFideId "16207742"]
[EventCountry "GER"]
[EventRounds "11"]
[EventType "swiss"]
[EventDate "2013.05.18"]

1. e4 c5 2. Nf3 d6 3. d4 cxd4 4. Nxd4 Nf6 5. Nc3 a6 6. Bc4 e6 7. Bb3 Be7 8. O-O
b5 9. f4 b4 10. Na4 Nxe4 11. f5 e5 12. Nf3 O-O 13. Bd5 Ra7 14. Bxe4 Bd7 15. Be3
Rc7 16. Nb6 Bb5 17. Rf2 Bc6 18. Bxc6 Rxc6 19. Nd5 Kh8 20. Nxb4 Rc4 21. Nd5 Nd7
22. Qe2 Rc8 23. Qxa6 Nc5 24. Bxc5 Rxc5 25. Nxe7 Qxe7 26. Rd1 Rd8 27. Rfd2 e4
28. Rxd6 Rdc8 29. Qa7 R5c7 30. Qd4 h6 31. Ne5 Rxc2 32. Qxe4 Kg8 33. Rd8+ Rxd8
34. Rxd8+ Qxd8 35. Qxc2 Qd4+ 36. Qf2 Qxe5 37. a3 Qd5 38. h3 Kf8 39. b4 Qd1+ 40.
Kh2 Qb3 41. Qd4 f6 42. Qd6+ Kf7 43. Qe6+ Qxe6 44. fxe6+ Kxe6 45. a4 Kd5 46. a5
Kc6 47. a6 Kb6 48. b5 g6 49. Kg3 f5 50. Kf4 1-0

[Event "DEM U10/U10w 2013"]
[Site "Oberhof GER"]
[Date "2013.05.20"]
[Round "3"]
[White "Kublanov, Elizabeth"]
[Black "Lieberwirth, Kasimir"]
[Result "1/2-1/2"]
[Termination "normal"]
[Board "12"]
[WhiteElo "1103"]
[BlackElo "1433"]
[PlyCount "156"]
[WhiteFideId "12944564"]
[BlackFideId "12988146"]
[EventCountry "GER"]
[EventRounds "11"]
[EventType "swiss"]
[EventDate "2013.05.18"]

1. d4 d5 2. c4 e6 3. Nc3 c6 4. cxd5 exd5 5. Bf4 f5 6. Nf3 Be6 7. e3 Be7 8. Bd3
h6 9. O-O Nf6 10. Qb3 b6 11. Rfe1 Nbd7 12. Ba6 Nh5 13. Bb7 Nxf4 14. Bxa8 Nxg2
15. Kxg2 Qxa8 16. Kh1 O-O 17. Rg1 Rf6 18. Ne5 Nxe5 19. dxe5 Rf8 20. Ne2 c5 21.
f3 Bf7 22. Raf1 Qb8 23. Qc3 Qb7 24. e6 g5 25. exf7+ Rxf7 26. Qe5 Kh7 27. Qg3
Bf6 28. Nf4 Be5 29. h4 Rg7 30. hxg5 hxg5 31. Qh3+ Kg8 32. Ne6 Rh7 33. Rxg5+ Kh8
34. Rh5 Bxb2 35. Rxh7+ Qxh7 36. Qxh7+ Kxh7 37. Kg2 Kg8 38. Rd1 Kf7 39. Nd8+ Kg6
40. Rxd5 c4 41. Rd2 c3 42. Rc2 a5 43. Nc6 a4 44. a3 b5 45. Ne5+ Kf6 46. Nd3
Bxa3 47. Rxc3 b4 48. Nxb4 Bxb4 49. Rc4 Bd2 50. e4 fxe4 51. fxe4 a3 52. Ra4 Bc1
53. Kf3 Ke5 54. Ke2 Bb2 55. Kd2 Ke6 56. Ra5 Kd6 57. Kd3 Ke6 58. e5 Bxe5 59.
Rxa3 Kf5 60. Ke2 Bd6 61. Ra8 Bf4 62. Re8 Bd6 63. Kd3 Bb4 64. Kd4 Ba3 65. Kd3
Bd6 66. Kd4 Ba3 67. Kd5 Kf6 68. Re3 Bc1 69. Re5 Bb2 70. Re2 Bc1 71. Kd6 Ba3+
72. Kd7 Kf5 73. Kc6 Kf6 74. Kd5 Bb4 75. Re4 Ba3 76. Rf4+ Ke7 77. Ra4 Bb2 78.
Ra7+ Kf6 1/2-1/2

[Event "DEM U10/U10w 2013"]
[Site "Oberhof GER"]
[Date "2013.05.20"]
[Round "3"]
[White "Wu, Luka"]
[Black "Huber, Benedikt"]
[Result "1-0"]
[Termination "normal"]
[Board "13"]
[WhiteElo "1217"]
[BlackElo "1689"]
[PlyCount "77"]
[WhiteFideId "12977420"]
[BlackFideId "12923583"]
[EventCountry "GER"]
[EventRounds "11"]
[EventType "swiss"]
[EventDate "2013.05.18"]

1. e4 e6 2. d4 d5 3. e5 c5 4. c3 Nc6 5. Nf3 Bd7 6. Be2 Be7 7. a3 f6 8. Bf4 fxe5
9. Bxe5 Nf6 10. O-O c4 11. Nbd2 Na5 12. Bg3 Qb6 13. Qc2 O-O 14. Ne5 Be8 15. Bh4
Bd6 16. Bg3 Bxe5 17. Bxe5 Bg6 18. Qc1 Ne4 19. Ra2 Nxd2 20. Qxd2 Qb3 21. Raa1
Rac8 22. Bd6 Rf7 23. Bb4 Qa4 24. Bg4 Re8 25. Qg5 Rf6 26. Bd6 h6 27. Qe3 Qc6 28.
Be5 Rf7 29. Qg3 Nb3 30. Rad1 Bd3 31. Bh5 Ree7 32. Bxf7+ Rxf7 33. Rfe1 Bc2 34.
Qg4 Bxd1 35. Rxd1 Qb6 36. h3 Na5 37. Rd2 Re7 38. Re2 Re8 39. Qxg7# 1-0

[Event "DEM U10/U10w 2013"]
[Site "Oberhof GER"]
[Date "2013.05.20"]
[Round "3"]
[White "Yankelevich, Michael"]
[Black "Schnabel, Luise"]
[Result "0-1"]
[Termination "normal"]
[Board "14"]
[WhiteElo "1644"]
[BlackElo "1417"]
[PlyCount "220"]
[WhiteFideId "12921440"]
[BlackFideId "12943347"]
[EventCountry "GER"]
[EventRounds "11"]
[EventType "swiss"]
[EventDate "2013.05.18"]

1. e4 e5 2. Nf3 Nc6 3. Bc4 Nf6 4. Ng5 d5 5. exd5 b5 6. dxc6 bxc4 7. Qe2 Qd5 8.
f3 Qd4 9. c3 Qh4+ 10. g3 Qxg5 11. Qxc4 Be6 12. Qe2 Bc5 13. Na3 Bxa3 14. bxa3
O-O 15. d4 Qf5 16. dxe5 Nd5 17. c4 Ne7 18. h4 Nxc6 19. Bb2 Rfd8 20. f4 Qd3 21.
Qf2 Bxc4 22. Rh2 Qe4+ 23. Qe2 Qxe2+ 24. Rxe2 Bxe2 25. Kxe2 Rab8 26. Bc3 Rb6 27.
Rc1 Nd4+ 28. Bxd4 Rxd4 29. Rxc7 Rd8 30. Rxa7 Rb2+ 31. Kf3 Rxa2 32. a4 h6 33. a5
Rd3+ 34. Kg4 Rda3 35. Ra8+ Kh7 36. Ra7 Rxa5 37. Rxf7 Rg2 38. Kf3 Raa2 39. f5
Rgf2+ 40. Kg4 Ra4+ 41. Kh3 Kg8 42. e6 Re4 43. h5 Rf3 44. Kh2 Re2+ 45. Kh3 Rf1
46. Kg4 Rh2 47. Rd7 Re2 48. Rd4 Kf8 49. Rd8+ Ke7 50. Rd7+ Kf6 51. Rf7+ Ke5 52.
Rxg7 Re4+ 53. Kh3 Rxf5 54. e7 Kd6 55. Rg6+ Kxe7 56. Rxh6 Rg5 57. Rh7+ Kf8 58.
Kg2 Reg4 59. h6 Rxg3+ 60. Kf2 Rh3 61. Rb7 Rxh6 62. Rb8+ Kg7 63. Rb7+ Kg6 64.
Rb6+ Kh5 65. Rb3 Rf6+ 66. Ke2 Re5+ 67. Kd2 Rd6+ 68. Kc2 Rc5+ 69. Kb2 Kg6 70.
Ka3 Rd4 71. Kb2 Kf6 72. Rf3+ Ke6 73. Rb3 Kd5 74. Ka3 Kc6 75. Kb2 Rb5 76. Kc3
Rxb3+ 77. Kxd4 Rf3 78. Ke4 Rh3 79. Kf4 Rh5 80. Kg4 Ra5 81. Kf4 Kd6 82. Ke4 Rb5
83. Kf4 Ke6 84. Kg4 Kf6 85. Kh4 Kg6 86. Kg4 Rb4+ 87. Kf3 Kf5 88. Ke3 Ke5 89.
Kf3 Ra4 90. Kg3 Kf5 91. Kh3 Kg5 92. Kg3 Ra3+ 93. Kf2 Kg4 94. Ke2 Kf4 95. Kd2
Ke4 96. Kc2 Kd4 97. Kb2 Rh3 98. Kc2 Rg3 99. Kb2 Kc4 100. Ka2 Kb4 101. Kb2 Rg2+
102. Kc1 Kb3 103. Kd1 Kc3 104. Ke1 Kd3 105. Kf1 Ra2 106. Ke1 Rb2 107. Kf1 Ke3
108. Kg1 Kf3 109. Kh1 Kg3 110. Kg1 Rb1# 0-1

[Event "DEM U10/U10w 2013"]
[Site "Oberhof GER"]
[Date "2013.05.20"]
[Round "3"]
[White "Suvorov, Luca"]
[Black "Wurst, Benedikt"]
[Result "1-0"]
[Termination "normal"]
[Board "15"]
[WhiteElo "1551"]
[BlackElo "1139"]
[PlyCount "77"]
[WhiteFideId "12977071"]
[BlackFideId "12991791"]
[EventCountry "GER"]
[EventRounds "11"]
[EventType "swiss"]
[EventDate "2013.05.18"]

1. d4 d5 2. Nf3 Nd7 3. c4 e6 4. cxd5 exd5 5. Nc3 Ngf6 6. Bg5 Be7 7. e3 c6 8.
Bd3 h6 9. Bh4 O-O 10. O-O b6 11. Rc1 Bb7 12. Re1 Rc8 13. Bf5 Ne8 14. Bg3 Nd6
15. Bc2 c5 16. dxc5 bxc5 17. Nxd5 Bxd5 18. Qxd5 Nf6 19. Qd2 Rc7 20. Red1 Rd7
21. Qe2 Nde4 22. Rxd7 Nxg3 23. hxg3 Qxd7 24. Rd1 Qb7 25. b3 Rd8 26. Rxd8+ Bxd8
27. Qd3 Qd7 28. Qc4 Qd5 29. Bd3 Qxc4 30. Bxc4 Ne4 31. Ne5 Nc3 32. Nxf7 Bf6 33.
Nxh6+ Kf8 34. Ng4 Nxa2 35. Nxf6 gxf6 36. f4 Nb4 37. Kf2 Nc6 38. Kf3 Na5 39. Ke4
1-0

[Event "DEM U10/U10w 2013"]
[Site "Oberhof GER"]
[Date "2013.05.20"]
[Round "3"]
[White "Gheng, Dominik"]
[Black "Brunner, Sophia"]
[Result "1-0"]
[Termination "normal"]
[Board "16"]
[WhiteElo "1635"]
[BlackElo "1054"]
[PlyCount "101"]
[WhiteFideId "12906778"]
[BlackFideId "12960683"]
[EventCountry "GER"]
[EventRounds "11"]
[EventType "swiss"]
[EventDate "2013.05.18"]

1. e4 c6 2. d4 d5 3. exd5 cxd5 4. c4 Nf6 5. Nc3 Bf5 6. Qb3 Qb6 7. Qxb6 axb6 8.
cxd5 e6 9. dxe6 fxe6 10. Nb5 Ra5 11. Bd2 Nc6 12. Bxa5 bxa5 13. Bc4 Bb4+ 14. Kf1
Ne4 15. Nf3 Nd2+ 16. Nxd2 Bxd2 17. Nd6+ Kd7 18. Nxf5 exf5 19. Ke2 Bg5 20. Rhd1
Re8+ 21. Kf1 Re4 22. Bd3 Re7 23. Bxf5+ Kd6 24. Bxh7 Bf6 25. d5 Nd4 26. f3 Kxd5
27. Be4+ Kc5 28. Rac1+ Kb6 29. Rc4 Kb5 30. Rcxd4 Bxd4 31. Rxd4 Rc7 32. Bd3+ Kb6
33. Rc4 Rd7 34. Ke2 Re7+ 35. Kd2 Re5 36. h4 Rh5 37. Rg4 Kc6 38. f4 Kd6 39. Rxg7
Rxh4 40. g3 Rg4 41. Rxg4 Kc5 42. f5 b5 43. f6 b4 44. f7 a4 45. f8=Q+ Kb6 46.
Qxb4+ Kc6 47. Be4+ Kd7 48. Qb6 Ke7 49. Rg7+ Kf8 50. Qg6 a3 51. Qf7# 1-0

[Event "DEM U10/U10w 2013"]
[Site "Oberhof GER"]
[Date "2013.05.20"]
[Round "3"]
[White "Hinrichs, Paul"]
[Black "Hüls, Maximilian"]
[Result "1-0"]
[Termination "normal"]
[Board "17"]
[WhiteElo "1177"]
[BlackElo "1617"]
[PlyCount "133"]
[WhiteFideId "12942545"]
[BlackFideId "12949698"]
[EventCountry "GER"]
[EventRounds "11"]
[EventType "swiss"]
[EventDate "2013.05.18"]

1. d4 d5 2. c4 e6 3. Nc3 f5 4. Nf3 Nf6 5. Bg5 c6 6. e3 Bd6 7. c5 Bc7 8. b4 O-O
9. Bd3 Nbd7 10. a4 Qe8 11. O-O Ne4 12. Bxe4 fxe4 13. Ne1 Rf5 14. Bh4 Qf8 15. b5
e5 16. Nc2 Nf6 17. h3 Qf7 18. Ne2 Rh5 19. Bg3 Bxh3 20. gxh3 Rxh3 21. Kg2 Qh5
22. Nc3 Ng4 23. Rh1 Rxh1 24. Qxh1 Qf5 25. Rf1 exd4 26. Nxd4 Qf7 27. Qh4 Bxg3
28. Qxg3 Qg6 29. Rh1 Rf8 30. Nd1 Ne5 31. Qxg6 hxg6 32. bxc6 bxc6 33. Nc3 Rf6
34. Rh4 Nd3 35. f4 exf3+ 36. Nxf3 Nxc5 37. e4 dxe4 38. Nxe4 Nxe4 39. Rxe4 Kf7
40. Ng5+ Kg8 41. Re8+ Rf8 42. Rxf8+ Kxf8 43. Kf3 Ke7 44. Ke4 Kf6 45. Nh7+ Ke6
46. a5 a6 47. Kd4 Kd6 48. Ng5 c5+ 49. Kc4 Kc6 50. Nf7 Kd7 51. Kxc5 Kc7 52. Ng5
Kb7 53. Kd6 Ka7 54. Kc7 Ka8 55. Kb6 Kb8 56. Kxa6 Ka8 57. Kb6 Kb8 58. a6 Ka8 59.
Ne6 g5 60. Nxg5 g6 61. Ne6 g5 62. Nxg5 Kb8 63. Ne6 Ka8 64. Nc7+ Kb8 65. a7+ Kc8
66. a8=Q+ Kd7 67. Qe8+ 1-0

[Event "DEM U10/U10w 2013"]
[Site "Oberhof GER"]
[Date "2013.05.20"]
[Round "3"]
[White "Breitzmann, Sander"]
[Black "Baladjaev, Leyla"]
[Result "1-0"]
[Termination "normal"]
[Board "18"]
[WhiteElo "1168"]
[BlackElo "1385"]
[PlyCount "99"]
[WhiteFideId "12987085"]
[BlackFideId "12960217"]
[EventCountry "GER"]
[EventRounds "11"]
[EventType "swiss"]
[EventDate "2013.05.18"]

1. e4 c5 2. Nf3 Nc6 3. d4 cxd4 4. Nxd4 Nf6 5. Nc3 e5 6. Ndb5 d6 7. Nd5 Nxd5 8.
exd5 Ne7 9. c4 Nf5 10. Bd3 a6 11. Nc3 Be7 12. O-O O-O 13. f4 f6 14. Ne4 b6 15.
Qe1 Qc7 16. b3 Bd7 17. Ng3 Qc8 18. Bb2 Qc5+ 19. Kh1 Nxg3+ 20. Qxg3 Rae8 21. Qh4
f5 22. Qg3 Bf6 23. fxe5 Bxe5 24. Bxe5 Rxe5 25. Qh3 Qd4 26. Rae1 Qc3 27. Rxe5
Qxe5 28. g4 g6 29. gxf5 Bxf5 30. Bxf5 Rxf5 31. Rxf5 Qxf5 32. Qxf5 gxf5 33. Kg2
Kf8 34. Kf3 Kf7 35. b4 Ke7 36. a4 a5 37. bxa5 bxa5 38. Ke3 Kf7 39. Kd4 Kf6 40.
Ke3 Ke5 41. h4 h5 42. Kf3 f4 43. Ke2 Kd4 44. Kf3 Kxc4 45. Kxf4 Kb4 46. Kf5 Kxa4
47. Ke6 Kb5 48. Kxd6 Kb6 49. Ke7 Kc7 50. d6+ 1-0

[Event "DEM U10/U10w 2013"]
[Site "Oberhof GER"]
[Date "2013.05.20"]
[Round "3"]
[White "Mücka, Cedric"]
[Black "Basovskiy, Jana"]
[Result "1-0"]
[Termination "normal"]
[Board "19"]
[WhiteElo "1380"]
[BlackElo "1109"]
[PlyCount "43"]
[WhiteFideId "16217640"]
[BlackFideId "16208617"]
[EventCountry "GER"]
[EventRounds "11"]
[EventType "swiss"]
[EventDate "2013.05.18"]

1. e4 e5 2. Nf3 d6 3. d4 Nd7 4. Bc4 c6 5. O-O Be7 6. dxe5 dxe5 7. Ng5 Bxg5 8.
Qh5 Qe7 9. Qxg5 Qxg5 10. Bxg5 Ngf6 11. f3 O-O 12. Nd2 a5 13. a4 h6 14. Be3 Re8
15. Bb3 Nf8 16. Rfd1 Ng6 17. Nc4 Nh5 18. Bc5 Nhf4 19. Nd6 Rf8 20. Nxf7 Rxf7 21.
Rd8+ Kh7 22. Bxf7 1-0

[Event "DEM U10/U10w 2013"]
[Site "Oberhof GER"]
[Date "2013.05.20"]
[Round "3"]
[White "Gelfenbaum, Daniel"]
[Black "Helmer, Jan"]
[Result "1/2-1/2"]
[Termination "normal"]
[Board "21"]
[WhiteElo "1055"]
[BlackElo "1570"]
[PlyCount "116"]
[WhiteFideId "12965634"]
[BlackFideId "12956686"]
[EventCountry "GER"]
[EventRounds "11"]
[EventType "swiss"]
[EventDate "2013.05.18"]

1. e4 e6 2. d4 d5 3. e5 c5 4. dxc5 Bxc5 5. Bd3 Nc6 6. Nf3 Nge7 7. O-O Bd7 8.
Bf4 Nb4 9. Nc3 Nxd3 10. cxd3 Ng6 11. Bg3 O-O 12. d4 Bb6 13. Rc1 Rc8 14. Qd3 a6
15. a4 Ba5 16. b3 Qe7 17. Rc2 b5 18. Rb1 Rc7 19. b4 Rfc8 20. bxa5 b4 21. Nxd5
exd5 22. Rxc7 Rxc7 23. e6 Rc3 24. Qxa6 fxe6 25. Qd6 b3 26. Qxe7 Nxe7 27. Ne1
Bxa4 28. Bd6 Nc6 29. Bc5 Rc4 30. a6 Nxd4 31. a7 Bc6 32. Bxd4 Rxd4 33. Rxb3 Kf7
34. Rb6 Ra4 35. Rxc6 Rxa7 36. f3 Ke7 37. f4 Kd7 38. Rb6 Rc7 39. Kf2 Ke7 40. g4
Kf6 41. h4 Rc3 42. Nf3 Rc2+ 43. Kg3 Rc3 44. f5 Re3 45. Rxe6+ Rxe6 46. fxe6 Kxe6
47. Kf4 h6 48. Nd4+ Kf6 49. h5 g6 50. hxg6 Kxg6 51. Nf3 Kf6 52. Ke3 Ke6 53. Kd4
h5 54. g5 Kf5 55. Kxd5 h4 56. Kd6 h3 57. Ke7 h2 58. Nxh2 Kxg5 1/2-1/2